Manorama Year Book 2011 (Record no. 327207)
[ view plain ]
| 000 -LEADER | |
|---|---|
| fixed length control field | 00433nam a2200157Ia 4500 |
| 008 - FIXED-LENGTH DATA ELEMENTS--GENERAL INFORMATION | |
| fixed length control field | 230718s9999 xx 000 0 und d |
| 041 ## - LANGUAGE CODE | |
| Language code of text/sound track or separate title | eng |
| 082 ## - DEWEY DECIMAL CLASSIFICATION NUMBER | |
| Classification number | 954.001 |
| Item number | MAT |
| 100 ## - MAIN ENTRY--PERSONAL NAME | |
| Personal name | Mathew M. (Editor) |
| 9 (RLIN) | 175742 |
| 245 ## - TITLE STATEMENT | |
| Title | Manorama Year Book 2011 |
| 260 ## - PUBLICATION, DISTRIBUTION, ETC. (IMPRINT) | |
| Name of publisher, distributor, etc. | Malayala Manorama |
| 300 ## - PHYSICAL DESCRIPTION | |
| Extent | 1038 |
| 365 ## - TRADE PRICE | |
| Currency code | Rs. |
| Price amount | 160.00 |
| 700 ## - ADDED ENTRY--PERSONAL NAME | |
| Personal name | Mathew M. (Editor) |
| 9 (RLIN) | 175742 |
| 906 ## - LOCAL DATA ELEMENT F, LDF (RLIN) | |
| d | O:0153811-Feb-2011B:4435302-Feb-2011 |
| c | GENRL |
| b | 32 |
| Withdrawn status | Lost status | Damaged status | Not for loan | Home library | Current library | Date acquired | Vendor | Budget Code | Cost, normal purchase price | Bill number | Full call number | Barcode | Date last seen | Discount | Cost, replacement price | Bill Date | Koha item type | Original Barcode |
|---|---|---|---|---|---|---|---|---|---|---|---|---|---|---|---|---|---|---|
| Withdrawn | Cummins College of Engineering for Women Pune | Cummins College of Engineering for Women Pune | 11/02/2011 | Vaibhav Book House | GENRL | 128.00 | 44353 | 954.001 | CCEP-BK-38414 | 18/07/2023 | 32 | 160.00 | 02/02/2011 | Books | 038414 |